000 00642nam a2200253Ia 4500
005 20260121154838.0
008 008 260114s9999 xx 000 0 eng d
020 _a9781003029595
037 _aEBOOK
040 _aCRL
040 _beng
040 _cCRL
041 _2eng
041 _aeng
084 _qCRL
100 _a Sharon Olivier; Frederick H”lscher; Colin Williams
_91012203
245 0 _aAgile Leadership for Turbulent Times
260 _bTaylor and Francis
260 _c2021
856 _uhttp://www.taylorfrancis.com/books/9781003029595
942 _cEBOOK
999 _c1579022
_d1579022